Yüklüyor......

Space and time /

Detaylı Bibliyografya
Yazar: Keshavmurti
Materyal Türü: Printed Book
Dil:English
Baskı/Yayın Bilgisi: Delhi: Sterling, c1991.
Konular:
LEADER 00502 a2200157 4500
008 150103s9999 000 0 eng
020 |a 8120714040 
082 |a 115.4  
100 |a Keshavmurti 
245 |a Space and time / 
260 |a Delhi:  |b Sterling,  |c c1991. 
300 |a 92 p. 
650 |a Space and time 
942 |c BK 
999 |c 303575  |d 303575 
952 |0 0  |1 0  |2 ddc  |4 0  |6 115_400000000000000_KES_SP  |7 0  |9 347194  |a DRA  |b DRA  |c ST1  |d 2011-03-17  |i 5342  |l 2  |o 115.4 KES/SP  |p DRA5342  |r 2015-06-30  |s 2014-12-23  |w 2011-03-17  |y BK